世界の主食 生産高トップ10 - Statistics

General Stats
  • This quiz has been taken 215 times
  • The average score is 5 of 10
Answer Stats
世界生産高(トン) Answer % Correct
6.85億
100%
6.90億 小麦
99%
8.23億 トウモロコシ
82%
3.14億 ジャガイモ
75%
1.10億 サツマイモ
49%
2.33億 キャッサバ
46%
2.31億 大豆
38%
0.52億 ヤムイモ
21%
0.66億 モロコシ
10%
0.34億 プランテン
2%
No matching quizzes found
Score Distribution
Percent of People with Each Score
Percentile by Number Answered
Your Score History
You have not taken this quiz